Normal view MARC view

Entry Nombre personal

Number of records used in: 6

001 - NÚMERO DE CONTROL

  • campo de control: 25856

003 - IDENTIFICADOR DE NÚMERO DE CONTROL

  • campo de control: SpMaBN

005 - FECHA Y HORA DE LA ÚLTIMA TRANSACCIÓN

  • campo de control: 20230907193628.0

008 - ELEMENTOS DE DATO DE LONGITUD-FIJA

  • campo de control de longitud fija: 910101n| aijnnaabn a aaa

016 ## - NÚMERO DE CONTROL DE UNA AGENCIA BIBLIOGRÁFICA NACIONAL

  • Número de control del registro: BNE19970366432

024 7# - IDENTIFICADOR DE OTROS ESTÁNDARES

  • Número estándar o código: http://viaf.org/viaf/86969147/
  • Fuente: viaf

024 7# - IDENTIFICADOR DE OTROS ESTÁNDARES

  • Número estándar o código: https://isni.org/isni/000000006062609X
  • Fuente: isni

024 7# - IDENTIFICADOR DE OTROS ESTÁNDARES

  • Número estándar o código: http://www.wikidata.org/entity/Q20875445
  • Fuente: wikidata

040 ## - FUENTE DE CATALOGACIÓN

  • Centro catalogador/agencia de origen: SpMaBN
  • Lengua de catalogación: spa
  • Centro/agencia transcriptor: SpMaBN
  • Normas de descripción: rdc
  • Convención/Normas de encabezamiento de materia/tesauro: embne

046 ## - FECHAS CON CODIFICACIÓN ESPECIAL

  • Fecha de nacimiento: 1887
  • Fecha de la muerte: 1959

100 1# - ENCABEZAMIENTO-NOMBRE DE PERSONA

  • Nombre de persona: Barraquer Ferré, Luis,
  • Fechas asociadas al nombre: 1887-1959

370 ## - LUGAR ASOCIADO

  • Lugar de nacimiento: Barcelona
  • Número de control del registro de autoridad o número normalizado: XX450579
  • Fuente de información: Wikidata

373 ## - GRUPO ASOCIADO

  • Grupo asociado: Ateneo de Madrid
  • Fuente de información: Cargos históricos del Ateneo de Madrid 1835-1936 (Archivo del Ateneo)

374 ## - OCUPACIÓN

  • Ocupación: Médicos
  • Ocupación: Neurólogos
  • Fuente de información: Wikidata

375 ## - GÉNERO/SEXO

  • Género: Masculino
  • Fuente de información: Wikidata

377 ## - IDIOMA ASOCIADO

  • Término de lengua/lenguaje: Español
  • Término de lengua/lenguaje: Catalán

400 1# - TRAZADO DE VÉASE--NOMBRE DE PERSONA

  • Nombre de persona: Barraquer Ferré, L.,
  • Fechas asociadas al nombre: 1887-1959

400 1# - TRAZADO DE VÉASE--NOMBRE DE PERSONA

  • Nombre de persona: Barraquer i Ferré, Lluís,
  • Fechas asociadas al nombre: 1887-1959

670 ## - FUENTE DE DATOS ENCONTRADOS

  • Cita de la fuente: Las neuralgias, 1941
  • Información encontrada: port. (Luis Barraquer Ferré)

670 ## - FUENTE DE DATOS ENCONTRADOS

  • Cita de la fuente: Elementos de neuropatología, 1913
  • Información encontrada: port. (L. Barraquer Ferré)

670 ## - FUENTE DE DATOS ENCONTRADOS

  • Cita de la fuente: Médicos españoles del siglo XX, 2003
  • Información encontrada: (Lluís Barraquer i Ferré; n. 16-06-1887, Barcelona, m. 21-02-1959, Sant Climent de Llobregat, Barcelona; neurólogo)

670 ## - FUENTE DE DATOS ENCONTRADOS

  • Cita de la fuente: WWW BN España aut., 07/09/2023
  • Información encontrada: (Barraquer Ferré, Luis, 1887-1959)

678 ## - DATOS BIOGRÁFICOS O HISTÓRICOS

  • Datos biográficos o históricos: Socio del Ateneo de Madrid. Vicepresidente de la Sección de Ciencias Naturales, Físicas y Matemáticas en 1909-11
  • Ampliación de la nota: Fuente: Cargos históricos del Ateneo de Madrid 1835-1936 (Archivo del Ateneo)